000 00320nam a2200157Ia 4500
100 _aShajahan/S
250 _a2
942 _cRB
366 _f15
654 _aresearch methods
245 _aResearch methods for Management
260 _bJaico
_c2004
082 _a658.57
_bSHA
300 _a391
546 _aENGLISH
999 _c30796
_d30796